MARC details
| 000 -LEADER |
| campo de control de longitud fija |
01801nam a2200373 i 4500 |
| 001 - NÚMERO DE CONTROL |
| campo de control |
195780 |
| 003 - IDENTIFICADOR DE NÚMERO DE CONTROL |
| campo de control |
SpMaBN |
| 005 - FECHA Y HORA DE LA ÚLTIMA TRANSACCIÓN |
| campo de control |
20251010170458.0 |
| 008 - DATOS DE LONGITUD FIJA--INFORMACIÓN GENERAL |
| campo de control de longitud fija |
240719s2010 sp a | |||| 000 0dspa |
| 015 ## - NÚMERO DE BIBLIOGRAFÍA NACIONAL |
| Número de bibliografía nacional |
MON10 |
| 017 ## - NÚMERO DE COPYRIGHT O DE DEPÓSITO LEGAL |
| Número de copyright o de depósito legal |
A 963-2010 |
| Agencia que asigna |
Oficina Depósito Legal Alicante |
| 035 ## - NÚMERO DE CONTROL DEL SISTEMA |
| Número de control de sistema |
(OCoLC)776528791 |
| 035 ## - NÚMERO DE CONTROL DEL SISTEMA |
| Número de control de sistema |
a4986848 |
| 040 ## - FUENTE DE CATALOGACIÓN |
| Centro catalogador/agencia de origen |
SpMaBN |
| Lengua de catalogación |
spa |
| Centro/agencia transcriptor |
SpMaBN |
| Normas de descripción |
rdc |
| Centro/agencia modificador |
ES-MaACL |
| 080 ## - NÚMERO DE LA CLASIFICACIÓN DECIMAL UNIVERSAL |
| Número de la Clasificación Decimal Universal |
75 Álvarez, Francisco (083.824) |
| 080 ## - NÚMERO DE LA CLASIFICACIÓN DECIMAL UNIVERSAL |
| Número de la Clasificación Decimal Universal |
76 Álvarez, Francisco (083.824) |
| 100 1# - ENTRADA PRINCIPAL--NOMBRE DE PERSONA |
| Nombre de persona |
Álvarez, Francisco, |
| Fechas asociadas al nombre |
1936-2024 |
| 9 (RLIN) |
171346 |
| Término indicativo de función/relación |
Autor |
| 245 10 - MENCIÓN DEL TÍTULO |
| Título |
F. Álvarez / |
| Resto del título |
Fundación Cultural Miguel Hernández. |
| 260 ## - PUBLICACIÓN, DISTRIBUCIÓN, ETC. |
| Lugar de publicación, distribución, etc. |
[Orihuela] : |
| Nombre del editor, distribuidor, etc. |
Fundación Cultural Miguel Hernández, |
| Fecha de publicación, distribución, etc. |
D.L. 2010. |
| 300 ## - DESCRIPCIÓN FÍSICA |
| Extensión |
[58] p. : |
| Otras características físicas |
principalmente il. col., 1 retr. ; |
| Dimensiones |
26 cm. |
| 490 0# - MENCIÓN DE SERIE |
| Mención de serie |
Biblioteca hernandiana. Artes visuales |
| 500 ## - NOTA GENERAL |
| Nota general |
Homenaje a Miguel Hernández |
| 500 ## - NOTA GENERAL |
| Nota general |
Catálogo de la Exposición en la sala de exposiciones de Orihuela, del 12 noviembre al 19 diciembre de 2010. |
| 600 17 - PUNTO DE ACCESO ADICIONAL DE MATERIA--NOMBRE DE PERSONA |
| Nombre de persona |
Álvarez, Francisco, |
| Fechas asociadas al nombre |
1936-2024- |
| Subdivisión de forma |
Exposiciones |
| Fuente del encabezamiento o término |
|
| 9 (RLIN) |
139343 |
| 655 #7 - TERMINO DE INDIZACIÓN--GENERO/FORMA |
| Fuente del término |
tgfbne |
| 9 (RLIN) |
193628 |
| Datos o término principal de género/forma |
Catálogos de exposiciones |
| 700 1# - ENTRADA AGREGADA--NOMBRE PERSONAL |
| Nombre de persona |
Hernández, Miguel, |
| Fechas asociadas al nombre |
1910-1942 |
| 9 (RLIN) |
62844 |
| 710 2# - ENTRADA AGREGADA--NOMBRE DE ENTIDAD CORPORATIVA |
| Nombre de entidad corporativa o nombre de jurisdicción como elemento de entrada |
Fundación Cultural Miguel Hernández |
| 9 (RLIN) |
4265 |
| 852 ## - LOCALIZACIÓN |
| Ubicación |
ES-MaACL |
| Ubicación en estantería |
Depósito J |
| Número de control de estantería |
N-8787 |
| Encuadernación |
Encuadernación rústica con solapas |
| itemnumber |
204628 |
| Donativo/Legado |
Donación: Editorial |
| 914 ## - NOMBRE ENTIDAD DE DONANTE |
| RLIN |
4265 |
| Nombre de congreso/reunión o jurisdicción como elemento de entrada |
Fundación Cultural Miguel Hernández |
| Unidad subordinada |
Donante |
| 942 ## - ELEMENTOS DE ENTRADA SECUNDARIOS (KOHA) |
| Tipo de ítem Koha |
Libro impreso |
| Suprimir en OPAC |
No |